[Event "DEM U12w 2024"]
[Site "Willingen GER"]
[Date "2024.05.25"]
[Round "9"]
[White "Ratushna, Olha"]
[Black "Yang, Sophie"]
[Result "1/2-1/2"]
[Termination "normal"]
[Board "10"]
[WhiteElo "1602"]
[BlackElo "1543"]
[WhiteClock "00:22:45"]
[BlackClock "00:16:39"]
[PlyCount "107"]
[WhiteFideId "34172602"]
[BlackFideId "16279174"]
[EventCountry "GER"]
[EventRounds "9"]
[EventType "swiss"]
[EventDate "2024.05.18"]

1. e4 {[%clk 01:30:57]} e6 {[%clk 01:30:56]} {[%emt 00:00:05]} 2. d3 {[%clk
01:31:20]} {[%emt 00:00:07]} d5 {[%clk 01:31:15]} {[%emt 00:00:12]} 3. Nd2
{[%clk 01:31:43]} {[%emt 00:00:06]} Nf6 {[%clk 01:31:39]} {[%emt 00:00:07]} 4.
Ngf3 {[%clk 01:31:48]} {[%emt 00:00:24]} Be7 {[%clk 01:30:52]} {[%emt
00:01:18]} 5. g3 {[%clk 01:31:57]} {[%emt 00:00:20]} O-O {[%clk 01:28:53]}
{[%emt 00:02:30]} 6. Bg2 {[%clk 01:32:01]} {[%emt 00:00:25]} c6 {[%clk
01:27:59]} {[%emt 00:01:25]} 7. O-O {[%clk 01:32:06]} {[%emt 00:00:25]} Na6
{[%clk 01:20:50]} {[%emt 00:07:40]} 8. Re1 {[%clk 01:31:20]} {[%emt 00:01:13]}
Nc7 {[%clk 01:19:44]} {[%emt 00:01:38]} 9. e5 {[%clk 01:30:52]} {[%emt
00:00:59]} Nd7 {[%clk 01:19:57]} {[%emt 00:00:17]} 10. Nf1 {[%clk 01:30:48]}
{[%emt 00:00:33]} c5 {[%clk 01:19:02]} {[%emt 00:01:24]} 11. h4 {[%clk
01:29:33]} {[%emt 00:01:46]} Re8 {[%clk 01:15:58]} {[%emt 00:03:34]} 12. N1h2
{[%clk 01:28:56]} {[%emt 00:01:06]} Nf8 {[%clk 01:13:15]} {[%emt 00:03:13]} 13.
h5 {[%clk 01:28:35]} {[%emt 00:00:51]} g6 {[%clk 01:09:30]} {[%emt 00:04:15]}
14. hxg6 {[%clk 01:25:41]} {[%emt 00:03:25]} hxg6 {[%clk 01:08:55]} {[%emt
00:01:04]} 15. Qd2 {[%clk 01:21:44]} {[%emt 00:04:26]} Nh7 {[%clk 01:08:23]}
{[%emt 00:01:03]} 16. Ng4 {[%clk 01:17:48]} {[%emt 00:04:25]} Bf8 {[%clk
01:08:15]} {[%emt 00:00:36]} 17. Qf4 {[%clk 01:16:06]} {[%emt 00:02:13]} d4
{[%clk 01:07:45]} {[%emt 00:01:03]} 18. Nh6+ {[%clk 01:15:26]} {[%emt
00:01:05]} Bxh6 {[%clk 01:07:35]} {[%emt 00:00:42]} 19. Qxh6 {[%clk 01:15:49]}
{[%emt 00:00:08]} Qe7 {[%clk 01:07:39]} {[%emt 00:00:24]} 20. Re4 {[%clk
01:13:40]} {[%emt 00:02:41]} Qf8 {[%clk 01:06:49]} {[%emt 00:01:21]} 21. Qh2
{[%clk 01:13:29]} {[%emt 00:00:32]} f5 {[%clk 00:55:38]} {[%emt 00:11:51]} 22.
Rh4 {[%clk 01:09:45]} {[%emt 00:04:09]} Qg7 {[%clk 00:53:48]} {[%emt 00:02:22]}
23. Ng5 {[%clk 01:07:24]} {[%emt 00:02:48]} Nxg5 {[%clk 00:52:28]} {[%emt
00:01:55]} 24. Bxg5 {[%clk 01:06:17]} {[%emt 00:01:37]} Qxe5 {[%clk 00:49:05]}
{[%emt 00:03:52]} 25. Rh7 {[%clk 01:04:13]} {[%emt 00:02:31]} Nd5 {[%clk
00:47:55]} {[%emt 00:01:44]} 26. Kf1 {[%clk 01:00:20]} {[%emt 00:04:21]} f4
{[%clk 00:46:31]} {[%emt 00:01:55]} 27. Re1 {[%clk 00:53:01]} {[%emt 00:07:48]}
fxg3 {[%clk 00:42:41]} {[%emt 00:04:21]} 28. fxg3 {[%clk 00:45:20]} {[%emt
00:08:11]} Rf8+ {[%clk 00:40:21]} {[%emt 00:02:47]} 29. Bf4 {[%clk 00:39:10]}
{[%emt 00:06:40]} Qf6 {[%clk 00:33:04]} {[%emt 00:07:49]} 30. Bxd5 {[%clk
00:38:11]} {[%emt 00:01:31]} exd5 {[%clk 00:31:51]} {[%emt 00:01:43]} 31. Kg1
{[%clk 00:37:54]} {[%emt 00:00:46]} Bg4 {[%clk 00:25:53]} {[%emt 00:06:29]} 32.
Ree7 {[%clk 00:36:02]} {[%emt 00:02:21]} b6 {[%clk 00:24:06]} {[%emt 00:02:18]}
33. Reg7+ {[%clk 00:35:14]} {[%emt 00:01:15]} Qxg7 {[%clk 00:24:28]} {[%emt
00:00:11]} 34. Rxg7+ {[%clk 00:35:40]} {[%emt 00:00:04]} Kxg7 {[%clk 00:24:51]}
{[%emt 00:00:07]} 35. Bh6+ {[%clk 00:36:08]} {[%emt 00:00:03]} Kg8 {[%clk
00:25:04]} {[%emt 00:00:13]} 36. Bxf8 {[%clk 00:36:28]} {[%emt 00:00:15]} Rxf8
{[%clk 00:25:14]} {[%emt 00:00:20]} 37. Qh4 {[%clk 00:35:27]} {[%emt 00:01:23]}
Bd1 {[%clk 00:24:32]} {[%emt 00:01:19]} 38. c3 {[%clk 00:32:24]} {[%emt
00:03:33]} dxc3 {[%clk 00:24:45]} {[%emt 00:00:16]} 39. bxc3 {[%clk 00:32:49]}
{[%emt 00:00:05]} Bc2 {[%clk 00:24:28]} {[%emt 00:00:44]} 40. d4 {[%clk
00:32:23]} {[%emt 00:00:59]} cxd4 {[%clk 00:22:51]} {[%emt 00:02:07]} 41. cxd4
{[%clk 00:30:33]} {[%emt 00:02:20]} Be4 {[%clk 00:22:50]} {[%emt 00:00:31]} 42.
a4 {[%clk 00:29:23]} {[%emt 00:01:41]} Rf7 {[%clk 00:23:09]} {[%emt 00:00:10]}
43. a5 {[%clk 00:20:18]} {[%emt 00:09:36]} b5 {[%clk 00:22:22]} {[%emt
00:01:17]} 44. a6 {[%clk 00:20:17]} {[%emt 00:00:31]} Kg7 {[%clk 00:17:53]}
{[%emt 00:04:58]} 45. Qd8 {[%clk 00:20:08]} {[%emt 00:00:37]} b4 {[%clk
00:15:34]} {[%emt 00:02:51]} 46. Qb8 {[%clk 00:20:19]} {[%emt 00:00:17]} b3
{[%clk 00:15:04]} {[%emt 00:01:03]} 47. Qxb3 {[%clk 00:20:24]} {[%emt
00:00:25]} Kg8 {[%clk 00:14:42]} {[%emt 00:00:52]} 48. Qb8+ {[%clk 00:20:17]}
{[%emt 00:00:36]} Kg7 {[%clk 00:15:05]} {[%emt 00:00:07]} 49. Qe5+ {[%clk
00:20:42]} {[%emt 00:00:05]} Kg8 {[%clk 00:15:13]} {[%emt 00:00:22]} 50. Qe8+
{[%clk 00:21:01]} {[%emt 00:00:08]} Kg7 {[%clk 00:15:35]} {[%emt 00:00:10]} 51.
Qe5+ {[%clk 00:21:27]} {[%emt 00:00:05]} Kg8 {[%clk 00:15:53]} {[%emt
00:00:13]} 52. Qe8+ {[%clk 00:21:52]} {[%emt 00:00:04]} Kg7 {[%clk 00:16:16]}
{[%emt 00:00:07]} 53. Qe5+ {[%clk 00:22:18]} {[%emt 00:00:03]} Kg8 {[%clk
00:16:39]} {[%emt 00:00:07]} 54. Qe8+ {[%clk 00:22:45]} {[%emt 00:00:04]}
1/2-1/2

[Event "DEM U12w 2024"]
[Site "Willingen GER"]
[Date "2024.05.25"]
[Round "9"]
[White "Schmidt, Sophie"]
[Black "Ali, Maha"]
[Result "1/2-1/2"]
[Termination "normal"]
[Board "11"]
[WhiteElo "1257"]
[BlackElo "1667"]
[WhiteClock "00:06:40"]
[BlackClock "00:21:20"]
[PlyCount "94"]
[WhiteFideId "34682503"]
[BlackFideId "34626581"]
[EventCountry "GER"]
[EventRounds "9"]
[EventType "swiss"]
[EventDate "2024.05.18"]

1. d4 {[%clk 01:30:59]} d5 {[%clk 01:30:56]} {[%emt 00:00:05]} 2. Nf3 {[%clk
01:31:23]} {[%emt 00:00:05]} Nf6 {[%clk 01:31:14]} {[%emt 00:00:12]} 3. e3
{[%clk 01:31:47]} {[%emt 00:00:07]} c5 {[%clk 01:31:23]} {[%emt 00:00:20]} 4.
b3 {[%clk 01:31:59]} {[%emt 00:00:18]} Nc6 {[%clk 01:30:46]} {[%emt 00:01:08]}
5. Bb2 {[%clk 01:31:42]} {[%emt 00:00:47]} Bf5 {[%clk 01:29:05]} {[%emt
00:02:10]} 6. Bd3 {[%clk 01:30:37]} {[%emt 00:01:35]} Bxd3 {[%clk 01:28:33]}
{[%emt 00:01:03]} 7. cxd3 {[%clk 01:30:44]} {[%emt 00:00:23]} e6 {[%clk
01:27:39]} {[%emt 00:01:24]} 8. Nbd2 {[%clk 01:28:57]} {[%emt 00:02:16]} b6
{[%clk 01:26:45]} {[%emt 00:01:24]} 9. a3 {[%clk 01:26:12]} {[%emt 00:03:15]}
Bd6 {[%clk 01:25:01]} {[%emt 00:02:14]} 10. Ne5 {[%clk 01:24:31]} {[%emt
00:02:11]} Qc7 {[%clk 01:23:25]} {[%emt 00:02:06]} 11. f4 {[%clk 01:23:05]}
{[%emt 00:01:56]} cxd4 {[%clk 01:21:44]} {[%emt 00:02:11]} 12. exd4 {[%clk
01:17:10]} {[%emt 00:06:25]} Rc8 {[%clk 01:20:29]} {[%emt 00:01:45]} 13. Rc1
{[%clk 01:16:24]} {[%emt 00:01:15]} Qb7 {[%clk 01:18:30]} {[%emt 00:02:30]} 14.
Qc2 {[%emt 00:07:23]} Ne7 {[%clk 01:16:40]} 15. Qd1 {[%clk 01:08:18]} {[%emt
00:04:01]} Qa6 {[%clk 01:13:16]} {[%emt 00:03:53]} 16. Rxc8+ {[%clk 01:05:45]}
{[%emt 00:03:05]} Qxc8 {[%clk 01:10:54]} {[%emt 00:02:51]} 17. O-O {[%clk
01:04:19]} {[%emt 00:01:56]} O-O {[%clk 01:10:17]} {[%emt 00:01:06]} 18. g4
{[%clk 00:58:22]} {[%emt 00:06:28]} Rd8 {[%clk 01:05:58]} {[%emt 00:04:48]} 19.
g5 {[%clk 00:53:37]} {[%emt 00:05:15]} Nd7 {[%clk 01:04:36]} {[%emt 00:01:52]}
20. Ndf3 {[%clk 00:51:16]} {[%emt 00:02:52]} Nf8 {[%clk 01:02:29]} {[%emt
00:02:38]} 21. Rf2 {[%clk 00:47:28]} {[%emt 00:04:17]} Nf5 {[%clk 01:01:17]}
{[%emt 00:01:41]} 22. h4 {[%clk 00:42:44]} {[%emt 00:05:14]} Qa6 {[%clk
00:57:49]} {[%emt 00:03:58]} 23. b4 {[%clk 00:41:31]} {[%emt 00:01:44]} Qb7
{[%clk 00:55:53]} {[%emt 00:02:26]} 24. h5 {[%clk 00:37:08]} {[%emt 00:04:53]}
b5 {[%clk 00:54:07]} {[%emt 00:02:16]} 25. Rh2 {[%clk 00:35:10]} {[%emt
00:02:28]} Rc8 {[%clk 00:51:04]} {[%emt 00:03:33]} 26. h6 {[%clk 00:33:55]}
{[%emt 00:01:44]} g6 {[%clk 00:50:17]} {[%emt 00:01:16]} 27. Nh4 {[%clk
00:31:51]} {[%emt 00:02:35]} Qb6 {[%clk 00:48:15]} {[%emt 00:02:32]} 28. Nxf5
{[%clk 00:30:12]} {[%emt 00:02:09]} exf5 {[%clk 00:48:25]} {[%emt 00:00:20]}
29. Kh1 {[%clk 00:29:12]} {[%emt 00:01:30]} Rc7 {[%clk 00:47:21]} {[%emt
00:01:34]} 30. Rc2 {[%clk 00:27:32]} {[%emt 00:02:11]} Ne6 {[%clk 00:46:35]}
{[%emt 00:01:16]} 31. Rxc7 {[%clk 00:26:28]} {[%emt 00:01:34]} Qxc7 {[%clk
00:46:45]} {[%emt 00:00:20]} 32. Qd2 {[%clk 00:23:41]} {[%emt 00:03:17]} Nd8
{[%clk 00:44:52]} {[%emt 00:02:22]} 33. Qg2 {[%clk 00:21:27]} {[%emt 00:02:44]}
Nc6 {[%clk 00:44:11]} {[%emt 00:01:11]} 34. Qxd5 {[%clk 00:20:42]} {[%emt
00:01:15]} Bxe5 {[%clk 00:42:49]} {[%emt 00:01:53]} 35. dxe5 {[%clk 00:20:48]}
{[%emt 00:00:24]} a6 {[%clk 00:42:10]} {[%emt 00:01:10]} 36. Qc5 {[%clk
00:19:54]} {[%emt 00:01:23]} Qb7 {[%clk 00:42:06]} {[%emt 00:00:34]} 37. Kg1
{[%clk 00:18:23]} {[%emt 00:02:02]} Nd8 {[%clk 00:41:15]} {[%emt 00:01:21]} 38.
Qd6 {[%clk 00:16:00]} {[%emt 00:02:51]} Ne6 {[%clk 00:40:34]} {[%emt 00:01:12]}
39. d4 {[%clk 00:15:56]} {[%emt 00:00:35]} Qe4 {[%clk 00:39:02]} {[%emt
00:02:01]} 40. d5 {[%clk 00:09:30]} {[%emt 00:06:56]} Qb1+ {[%clk 00:38:22]}
{[%emt 00:01:09]} 41. Kf2 {[%clk 00:09:22]} {[%emt 00:00:39]} Qxb2+ {[%clk
00:38:24]} {[%emt 00:00:29]} 42. Kf1 {[%clk 00:09:09]} {[%emt 00:00:42]} Qc1+
{[%clk 00:38:04]} {[%emt 00:00:50]} 43. Kf2 {[%clk 00:09:01]} {[%emt 00:00:38]}
Qxf4+ {[%clk 00:38:02]} {[%emt 00:00:32]} 44. Ke1 {[%clk 00:09:02]} {[%emt
00:00:29]} Qc1+ {[%clk 00:31:46]} {[%emt 00:06:47]} 45. Kf2 {[%clk 00:09:07]}
{[%emt 00:00:24]} Qd2+ {[%clk 00:27:38]} {[%emt 00:04:39]} 46. Kf1 {[%clk
00:08:18]} {[%emt 00:01:19]} Qd4 {[%clk 00:22:32]} {[%emt 00:05:36]} 47. dxe6
{[%clk 00:06:40]} {[%emt 00:02:08]} Qc4+ {[%clk 00:21:20]} {[%emt 00:01:42]}
1/2-1/2

[Event "DEM U12w 2024"]
[Site "Willingen GER"]
[Date "2024.05.25"]
[Round "9"]
[White "Weyerer, Elea"]
[Black "Heidtkamp, Anna"]
[Result "1/2-1/2"]
[Termination "normal"]
[Board "12"]
[WhiteElo "1507"]
[BlackElo "1622"]
[WhiteClock "01:09:55"]
[BlackClock "00:13:11"]
[PlyCount "89"]
[WhiteFideId "34605770"]
[BlackFideId "16269012"]
[EventCountry "GER"]
[EventRounds "9"]
[EventType "swiss"]
[EventDate "2024.05.18"]

1. Nf3 {[%clk 01:30:56]} {[%emt 00:00:04]} Nf6 {[%clk 01:30:56]} {[%emt
00:00:05]} 2. d4 {[%clk 01:31:20]} {[%emt 00:00:05]} d5 {[%clk 01:31:22]}
{[%emt 00:00:04]} 3. c3 {[%clk 01:31:43]} {[%emt 00:00:07]} e6 {[%clk
01:30:37]} {[%emt 00:01:16]} 4. Bf4 {[%clk 01:31:45]} {[%emt 00:00:27]} c5
{[%clk 01:29:29]} {[%emt 00:01:39]} 5. e3 {[%clk 01:32:05]} {[%emt 00:00:09]}
a6 {[%clk 01:27:24]} {[%emt 00:02:36]} 6. Nbd2 {[%clk 01:30:52]} {[%emt
00:01:42]} Nc6 {[%clk 01:24:31]} {[%emt 00:03:23]} 7. Bd3 {[%clk 01:30:05]}
{[%emt 00:01:16]} c4 {[%clk 01:23:27]} {[%emt 00:01:34]} 8. Bc2 {[%clk
01:30:26]} {[%emt 00:00:09]} Bd6 {[%clk 01:23:50]} {[%emt 00:00:07]} 9. Ne5
{[%clk 01:30:34]} {[%emt 00:00:21]} Qc7 {[%clk 01:17:46]} {[%emt 00:06:35]} 10.
Ndf3 {[%clk 01:29:28]} {[%emt 00:01:35]} Nh5 {[%clk 01:05:15]} {[%emt
00:13:02]} 11. Nxc6 {[%clk 01:24:23]} {[%emt 00:05:34]} Nxf4 {[%clk 01:04:11]}
{[%emt 00:01:34]} 12. exf4 {[%clk 01:22:20]} {[%emt 00:02:33]} Qxc6 {[%clk
01:04:21]} {[%emt 00:00:20]} 13. g3 {[%clk 01:21:31]} {[%emt 00:01:19]} O-O
{[%clk 01:03:42]} {[%emt 00:01:09]} 14. Ne5 {[%clk 01:17:47]} {[%emt 00:04:14]}
Bxe5 {[%clk 01:01:28]} {[%emt 00:02:45]} 15. fxe5 {[%clk 01:17:39]} {[%emt
00:00:37]} f6 {[%clk 00:56:36]} {[%emt 00:05:23]} 16. Qh5 {[%clk 01:10:59]}
{[%emt 00:07:08]} f5 {[%clk 00:54:08]} {[%emt 00:02:59]} 17. g4 {[%clk
01:09:32]} {[%emt 00:01:58]} g6 {[%clk 00:43:36]} {[%emt 00:11:02]} 18. Qg5
{[%clk 01:08:12]} {[%emt 00:01:44]} Qb6 {[%clk 00:35:09]} {[%emt 00:09:03]} 19.
Rb1 {[%clk 01:05:19]} {[%emt 00:03:22]} Qd8 {[%clk 00:33:53]} {[%emt 00:01:46]}
20. Qh6 {[%clk 01:04:40]} {[%emt 00:01:09]} Qe7 {[%clk 00:29:41]} {[%emt
00:04:43]} 21. gxf5 {[%clk 01:02:53]} {[%emt 00:02:17]} exf5 {[%clk 00:29:43]}
{[%emt 00:00:28]} 22. h4 {[%clk 01:00:05]} {[%emt 00:03:17]} Qg7 {[%clk
00:23:33]} {[%emt 00:06:40]} 23. Qg5 {[%clk 00:59:39]} {[%emt 00:00:54]} h6
{[%clk 00:17:23]} {[%emt 00:06:43]} 24. Qg2 {[%clk 00:59:16]} {[%emt 00:00:50]}
Be6 {[%clk 00:16:30]} {[%emt 00:01:26]} 25. Rg1 {[%clk 00:59:23]} {[%emt
00:00:22]} Kh7 {[%clk 00:16:47]} {[%emt 00:00:14]} 26. f4 {[%clk 00:59:28]}
{[%emt 00:00:25]} Rg8 {[%clk 00:16:39]} {[%emt 00:00:38]} 27. Kd2 {[%clk
00:58:37]} {[%emt 00:01:19]} Qe7 {[%clk 00:13:07]} {[%emt 00:04:04]} 28. Qg3
{[%clk 00:57:39]} {[%emt 00:01:26]} Rg7 {[%clk 00:13:28]} {[%emt 00:00:10]} 29.
Qh3 {[%clk 00:56:44]} {[%emt 00:01:23]} Rag8 {[%clk 00:13:20]} {[%emt
00:00:41]} 30. h5 {[%clk 00:55:44]} {[%emt 00:01:29]} Qf7 {[%clk 00:10:59]}
{[%emt 00:02:51]} 31. Bd1 {[%clk 00:52:13]} {[%emt 00:04:00]} g5 {[%clk
00:10:31]} {[%emt 00:00:58]} 32. fxg5 {[%clk 00:51:09]} {[%emt 00:01:33]} Rxg5
{[%clk 00:10:45]} {[%emt 00:00:17]} 33. Rxg5 {[%clk 00:50:19]} {[%emt
00:01:20]} Rxg5 {[%clk 00:11:12]} {[%emt 00:00:02]} 34. Bf3 {[%clk 00:49:26]}
{[%emt 00:01:23]} f4 {[%clk 00:09:34]} {[%emt 00:02:09]} 35. Qh1 {[%clk
00:49:20]} {[%emt 00:00:28]} Qf5 {[%clk 00:08:09]} {[%emt 00:02:02]} 36. Qf1
{[%clk 00:47:54]} {[%emt 00:01:46]} Bf7 {[%clk 00:06:19]} {[%emt 00:02:31]} 37.
Re1 {[%clk 00:46:48]} {[%emt 00:01:35]} Qe6 {[%clk 00:05:26]} {[%emt 00:01:23]}
38. Re2 {[%clk 00:45:58]} {[%emt 00:01:20]} Bxh5 {[%clk 00:03:55]} {[%emt
00:02:03]} 39. Bxh5 {[%clk 00:46:14]} {[%emt 00:00:14]} Rxh5 {[%clk 00:03:13]}
{[%emt 00:01:12]} 40. Qxf4 {[%clk 00:45:40]} {[%emt 00:01:04]} Rh3 {[%clk
00:01:34]} {[%emt 00:02:09]} 41. Rf2 {[%clk 00:45:17]} {[%emt 00:00:49]} Kg6
{[%clk 00:17:05]} {[%emt 00:15:02]} 42. Qf6+ {[%clk 01:13:19]} {[%emt
00:02:27]} Qxf6 {[%clk 00:17:34]} {[%emt 00:00:02]} 43. Rxf6+ {[%clk 01:13:39]}
{[%emt 00:00:10]} Kg5 {[%clk 00:16:29]} {[%emt 00:01:35]} 44. a3 {[%clk
01:13:08]} {[%emt 00:01:01]} h5 {[%clk 00:13:11]} {[%emt 00:03:48]} 45. Ke2
{[%clk 01:09:55]} {[%emt 00:03:42]} 1/2-1/2

[Event "DEM U12w 2024"]
[Site "Willingen GER"]
[Date "2024.05.25"]
[Round "9"]
[White "Bayer, Klara"]
[Black "Krannich, Eva"]
[Result "1-0"]
[Termination "normal"]
[Board "13"]
[WhiteElo "1261"]
[BlackElo "1176"]
[WhiteClock "00:19:54"]
[BlackClock "00:22:27"]
[PlyCount "83"]
[WhiteFideId "34658955"]
[BlackFideId "34639713"]
[EventCountry "GER"]
[EventRounds "9"]
[EventType "swiss"]
[EventDate "2024.05.18"]

1. Nf3 {[%clk 01:30:55]} {[%emt 00:00:04]} f5 {[%clk 01:30:27]} {[%emt
00:00:33]} 2. d3 {[%clk 01:31:11]} {[%emt 00:00:13]} Nf6 {[%clk 01:30:42]}
{[%emt 00:00:16]} 3. e4 {[%clk 01:31:26]} {[%emt 00:00:15]} d6 {[%clk
01:28:49]} {[%emt 00:02:23]} 4. Nc3 {[%clk 01:27:22]} {[%emt 00:04:34]} e5
{[%clk 01:25:56]} {[%emt 00:03:23]} 5. Bg5 {[%clk 01:19:57]} {[%emt 00:07:55]}
Be7 {[%clk 01:24:51]} {[%emt 00:01:35]} 6. exf5 {[%clk 01:19:01]} {[%emt
00:01:25]} Bxf5 {[%emt 00:00:17]} 7. d4 {[%clk 01:17:23]} {[%emt 00:02:07]} Nc6
{[%clk 01:21:35]} {[%emt 00:04:02]} 8. Bb5 {[%clk 01:12:47]} {[%emt 00:05:06]}
Bd7 {[%clk 01:17:43]} {[%emt 00:04:22]} 9. d5 {[%clk 01:07:34]} {[%emt
00:05:43]} Nb4 {[%clk 01:17:22]} {[%emt 00:00:50]} 10. Bc4 {[%clk 01:07:05]}
{[%emt 00:00:59]} O-O {[%clk 01:13:33]} {[%emt 00:04:19]} 11. a3 {[%clk
01:07:08]} {[%emt 00:00:28]} Na6 {[%clk 01:13:49]} {[%emt 00:00:13]} 12. Qe2
{[%clk 01:02:40]} {[%emt 00:04:59]} Nb8 {[%clk 01:09:44]} {[%emt 00:04:34]} 13.
h4 {[%clk 00:59:31]} {[%emt 00:03:38]} Bg4 {[%clk 01:01:10]} {[%emt 00:09:05]}
14. Qe3 {[%clk 00:55:18]} {[%emt 00:04:44]} Nh5 {[%clk 00:55:19]} {[%emt
00:06:20]} 15. Bxe7 {[%clk 00:52:03]} {[%emt 00:03:46]} Qxe7 {[%clk 00:55:15]}
{[%emt 00:00:34]} 16. Ng5 {[%clk 00:52:06]} {[%emt 00:00:25]} Nf4 {[%clk
00:53:47]} {[%emt 00:01:59]} 17. Rg1 {[%clk 00:45:10]} {[%emt 00:07:26]} Nd7
{[%clk 00:47:16]} {[%emt 00:07:02]} 18. Nb5 {[%clk 00:40:45]} {[%emt 00:04:54]}
Nb6 {[%clk 00:44:50]} {[%emt 00:02:57]} 19. Bb3 {[%clk 00:39:52]} {[%emt
00:01:23]} Nbxd5 {[%clk 00:44:36]} {[%emt 00:00:44]} 20. Qe4 {[%clk 00:38:50]}
{[%emt 00:01:32]} Bf5 {[%clk 00:42:25]} {[%emt 00:04:11]} 21. Bxd5+ {[%clk
00:41:18]} {[%emt 00:00:29]} Kh8 {[%clk 00:42:40]} {[%emt 00:00:15]} 22. Qc4
{[%clk 00:40:54]} {[%emt 00:00:54]} Nxd5 {[%clk 00:41:53]} {[%emt 00:01:17]}
23. Qxd5 {[%clk 00:41:10]} {[%emt 00:00:14]} Bxc2 {[%clk 00:36:54]} {[%emt
00:05:29]} 24. Qc4 {[%clk 00:40:35]} {[%emt 00:01:04]} Bg6 {[%clk 00:36:27]}
{[%emt 00:00:58]} 25. Qxc7 {[%clk 00:33:23]} {[%emt 00:07:43]} Qf6 {[%clk
00:36:40]} {[%emt 00:00:17]} 26. Nh3 {[%clk 00:28:51]} {[%emt 00:05:01]} Qxh4
{[%clk 00:33:42]} {[%emt 00:03:27]} 27. Nxd6 {[%clk 00:25:00]} {[%emt
00:04:22]} Bf5 {[%clk 00:28:34]} {[%emt 00:05:39]} 28. Nxf5 {[%clk 00:24:01]}
{[%emt 00:01:28]} Rxf5 {[%clk 00:28:37]} {[%emt 00:00:27]} 29. Qxb7 {[%clk
00:24:12]} {[%emt 00:00:18]} Raf8 {[%clk 00:27:00]} {[%emt 00:02:08]} 30. O-O-O
{[%clk 00:23:31]} {[%emt 00:01:10]} Qc4+ {[%clk 00:25:55]} {[%emt 00:01:36]}
31. Kb1 {[%clk 00:23:47]} {[%emt 00:00:15]} R5f7 {[%clk 00:23:11]} {[%emt
00:03:13]} 32. Qd5 {[%clk 00:23:57]} {[%emt 00:00:20]} Qc7 {[%clk 00:22:33]}
{[%emt 00:01:09]} 33. Rc1 {[%clk 00:23:16]} {[%emt 00:01:11]} Qe7 {[%clk
00:22:47]} {[%emt 00:00:15]} 34. Rgd1 {[%clk 00:22:54]} {[%emt 00:00:52]} Rb8
{[%clk 00:22:25]} {[%emt 00:00:52]} 35. Qd6 {[%clk 00:23:04]} {[%emt 00:00:20]}
Qe8 {[%clk 00:22:10]} {[%emt 00:00:46]} 36. f3 {[%clk 00:20:04]} {[%emt
00:03:30]} Rf8 {[%clk 00:21:54]} {[%emt 00:00:45]} 37. Qd7 {[%clk 00:19:53]}
{[%emt 00:00:42]} Qg6+ {[%clk 00:22:04]} {[%emt 00:00:20]} 38. Qd3 {[%clk
00:20:02]} {[%emt 00:00:19]} Qb6 {[%clk 00:22:25]} {[%emt 00:00:09]} 39. Qc2
{[%clk 00:19:12]} {[%emt 00:01:20]} Rfc8 {[%clk 00:22:06]} {[%emt 00:00:50]}
40. Qxc8+ {[%clk 00:19:11]} {[%emt 00:00:31]} Rxc8 {[%clk 00:22:29]} {[%emt
00:00:07]} 41. Rxc8+ {[%emt 00:00:33]} Qd8 {[%clk 00:22:27]} {[%emt 00:00:06]}
42. Rdxd8# {[%clk 00:19:54]} {[%emt 00:00:10]} 1-0